| 000 | 01667nam a2200277Ia 4500 | ||
|---|---|---|---|
| 999 |
_c36308 _d36308 |
||
| 001 | 2215 | ||
| 003 | GE_BSU | ||
| 005 | 20221103113956.0 | ||
| 008 | 181216s1995||||ge |||||||||||||| ||geo|| | ||
| 040 | _cGE_BSU | ||
| 041 | _ageo | ||
| 080 | _a327.7 გ–15 | ||
| 245 |
_aგაეროს ძირითადი დოკუმენტები ადამიანის უფლებათა დაცვის სფეროში = Основные документы оон в области защиты право человека = Rasic Dodocumehts on Human Richts / _cქართული თარგმანი და ტექსტების რედაქტირება ვლადიმერ ცეცხლაძისა ; შემდგ. აბაშიძე ა.ი ნაკაშიძე ბ.ჯ. აბაშიძე ა. ხ. |
||
| 264 |
_c1995. _a[თბილისი], |
||
| 300 |
_a307 გვ. ; _b20 სმ. |
||
| 520 | _aასლან აბაშიძის ფონდი | ||
| 653 | _aსამართალი | ||
| 653 | _aგაეროს ძირითადი დოკუმენტები | ||
| 653 | _aადამიანის უფლებათა დაცვა | ||
| 653 | _aპოლიტიკა | ||
| 653 | _aსაერთაშორისო ურთიერთობები | ||
| 700 |
_aაბაშიძე, ა.ი. _eშემდგენელი _9831 |
||
| 700 |
_aნაკაშიძე, ბ.ჯ. _eშემდგენელი _9832 |
||
| 700 |
_aცეცხლაძე, ვ. _eრედაქტორი _9833 |
||
| 942 |
_cBK _2udc |
||